000 01033cam a2200301 a 4500
999 _c329821
_d329821
001 14502535
003 NUST
005 20170523130210.0
008 060817r20061894pk b 000 0 eng
010 _a 2006332858
020 _a9693518667
025 _aP-E-2006332858; 20
040 _aDLC
_cDLC
042 _alcode
043 _aa-pk---
050 0 0 _aDS392.L3
_bW42 2006
082 _a954.9143 WAL
100 1 _aWalker, G. C.,
_d1854-1925.
_91328
245 1 0 _aGazetteer of the Lahore District, 1893-94 /
_cby G.C. Walker.
246 1 7 _aLahore District
250 _aRev. ed.
260 _aLahore:
_bSang-e-Meel Publications,
_c2006.
300 _axiii, 336p. ;
_c25 cm.
500 _aOriginally published : Lahore : Civil and Military Gazette Press, 1894.
504 _aIncludes bibliographical references.
651 0 _aLahore District (Pakistan)
_91329
906 _a7
_bcbc
_corigode
_d3
_encip
_f20
_gy-gencatlg
942 _2ddc
_cBK